000 00521nam a22001697a 4500
005 20251108172325.0
008 250721s1998 xx 000 0 ara d
082 1 4 _a001.42/رفا
100 1 _aالرفاعي، أحمد حسين
245 1 0 _aبحوث العمليات :
_bتطبيقات إدارية و إقتصادية /
264 1 _aعمان :
_bدار وائل،
_c1998.
300 _a309ص
650 1 7 _aأساليب البحث
650 1 7 _aالأسلوب العلمي
942 _2ddc
_cBK
999 _c76216
_d76216